[Event "CAMPEONATO SUBZONAL 2.3.5"]
[Site "Duran"]
[Date "2012.03.05"]
[Round "1.1"]
[White "Guerra Tulcan, Lenin"]
[Black "Matoewi, Roger"]
[Result "1-0"]
[WhiteElo "2421"]
[BlackElo "2128"]
[PlyCount "105"]
[EventDate "2012.03.05"]

1. e4 c5 2. Nf3 d6 3. d4 cxd4 4. Nxd4 Nf6 5. Nc3 g6 6. Be2 Bg7 7. O-O O-O 8.
Re1 Nc6 9. Nb3 Nd7 10. Bf1 Nc5 11. Nd5 Be6 12. c3 Nxb3 13. axb3 Ne5 14. Bg5 f6
15. Be3 b6 16. f4 Ng4 17. f5 Nxe3 18. Nxe3 Bf7 19. Bc4 Bxc4 20. bxc4 Kh8 21.
Nd5 Bh6 22. Qg4 Rg8 23. Rad1 gxf5 24. Qh5 Bf8 25. exf5 Rc8 26. Rd4 Rg5 27. Qf7
Rg7 28. Qe6 Rc5 29. b4 Rc6 30. Nf4 Qc8 31. Qd5 Rc7 32. Ne6 a5 33. bxa5 bxa5 34.
Qxa5 Rxc4 35. Rxc4 Qxc4 36. Nxg7 Kxg7 37. Qb4 Qc8 38. Qg4+ Kh8 39. Qf3 Qc5+ 40.
Kh1 Qc4 41. g3 Kg7 42. Re4 Qa2 43. c4 Qb1+ 44. Kg2 Qc2+ 45. Qe2 Qxe2+ 46. Rxe2
Kf7 47. Kf3 Bh6 48. Ke4 Bc1 49. Kd5 Bh6 50. Kc6 Ke8 51. Ra2 Bf8 52. Ra8+ Kf7
53. Kd7 1-0

[Event "CAMPEONATO SUBZONAL 2.3.5"]
[Site "Duran"]
[Date "2012.03.05"]
[Round "1.2"]
[White "Palma Moscoso, Alvaro Dario"]
[Black "Puntier, William"]
[Result "1-0"]
[WhiteElo "2126"]
[BlackElo "2343"]
[PlyCount "73"]
[EventDate "2012.03.05"]

1. e4 c5 2. Nf3 d6 3. d3 g6 4. g3 Bg7 5. Bg2 Nc6 6. O-O Nf6 7. Nbd2 O-O 8. Re1
Ne8 9. c3 Rb8 10. a4 a6 11. Nc4 b5 12. axb5 axb5 13. Ne3 b4 14. d4 bxc3 15.
bxc3 Nc7 16. Nc2 Nb5 17. Qd3 Qc7 18. Bd2 cxd4 19. cxd4 Bg4 20. Ra4 Qd7 21. Rc4
Bxf3 22. Bxf3 e5 23. d5 Ncd4 24. Nxd4 Nxd4 25. Bg2 f5 26. Be3 fxe4 27. Bxe4 Rb2
28. Bxd4 exd4 29. Re2 Rb7 30. Kg2 Rfb8 31. Bf3 Rb3 32. Qe4 Be5 33. Bg4 Qb5 34.
Rc7 d3 35. Be6+ Kh8 36. Qh4 Bg7 37. Qe7 1-0

[Event "CAMPEONATO SUBZONAL 2.3.5"]
[Site "Duran"]
[Date "2012.03.05"]
[Round "1.3"]
[White "Fernandez, Francis"]
[Black "Barros Rivadeneira, Cristhian"]
[Result "1-0"]
[WhiteElo "2315"]
[BlackElo "2122"]
[PlyCount "59"]
[EventDate "2012.03.05"]

1. d4 Nf6 2. c4 g6 3. Nc3 Bg7 4. e4 d6 5. f3 O-O 6. Be3 e5 7. d5 c6 8. Qd2 cxd5
9. cxd5 a6 10. Bd3 b5 11. Nge2 Nbd7 12. h4 h5 13. g4 Nc5 14. Ng3 b4 15. Nd1
hxg4 16. h5 Nxd3+ 17. Qxd3 gxf3 18. h6 Bh8 19. h7+ Nxh7 20. Qd2 Qe7 21. Bh6 Re8
22. Qh2 f6 23. Bd2 Ra7 24. Bxb4 Qf8 25. Rc1 f5 26. Rc6 Rd8 27. Ba5 Rdd7 28.
exf5 gxf5 29. Nxf5 Qxf5 30. Rxc8+ 1-0

[Event "CAMPEONATO SUBZONAL 2.3.5"]
[Site "Duran"]
[Date "2012.03.05"]
[Round "1.4"]
[White "Treu, Auke"]
[Black "Infante, Miguel"]
[Result "0-1"]
[WhiteElo "2121"]
[BlackElo "2314"]
[PlyCount "74"]
[EventDate "2012.03.05"]

1. d4 Nf6 2. Nf3 e6 3. g3 b5 4. Bg2 Bb7 5. O-O d5 6. Bg5 Nbd7 7. c3 Be7 8. Nbd2
c5 9. dxc5 Nxc5 10. Nd4 a6 11. Re1 O-O 12. Qc2 Re8 13. Rad1 Qb6 14. e4 dxe4 15.
Bxf6 Bxf6 16. Nxe4 Nxe4 17. Bxe4 g6 18. Bxb7 Qxb7 19. Qe4 Qxe4 20. Rxe4 Red8
21. f4 Rac8 22. a3 a5 23. Re3 b4 24. axb4 axb4 25. g4 bxc3 26. bxc3 Rxc3 27.
Rxc3 Bxd4+ 28. Rxd4 Rxd4 29. Rf3 g5 30. fxg5 Rxg4+ 31. Kf2 Rxg5 32. Ra3 Kg7 33.
Ra7 h5 34. Ke3 Rg4 35. Rb7 Ra4 36. Rb5 Kg6 37. Rb7 e5 0-1

[Event "CAMPEONATO SUBZONAL 2.3.5"]
[Site "Duran"]
[Date "2012.03.05"]
[Round "1.5"]
[White "Vazquez Reyes, Raul"]
[Black "Merritt, Mario"]
[Result "1-0"]
[WhiteElo "2302"]
[BlackElo "2101"]
[PlyCount "51"]
[EventDate "2012.03.05"]

1. e4 c5 2. Nf3 Nc6 3. d4 cxd4 4. Nxd4 g6 5. Nc3 Bg7 6. Be3 Nf6 7. Bc4 Qa5 8.
O-O O-O 9. Nb3 Qc7 10. Bg5 a6 11. Be2 b5 12. a4 b4 13. Nd5 Qe5 14. Bf4 Qxe4 15.
Bf3 Qc4 16. g3 Nh5 17. Nb6 Qe6 18. Bxh5 gxh5 19. Nxa8 Qh3 20. Nb6 e5 21. Be3 e4
22. Nxc8 Rxc8 23. f4 h4 24. Qh5 Bf6 25. Rf2 d5 26. Rd1 1-0

[Event "CAMPEONATO SUBZONAL 2.3.5"]
[Site "Duran"]
[Date "2012.03.05"]
[Round "1.6"]
[White "Winter-Roach, Alex"]
[Black "Ynojosa, Felix Jose"]
[Result "0-1"]
[WhiteElo "2075"]
[BlackElo "2300"]
[PlyCount "54"]
[EventDate "2012.03.05"]

1. e4 c5 2. Nf3 Nc6 3. d4 cxd4 4. Nxd4 e5 5. Nb5 d6 6. N1c3 a6 7. Na3 b5 8. Nd5
Nce7 9. c4 Nxd5 10. exd5 bxc4 11. Nxc4 Nf6 12. Be3 Rb8 13. Be2 Be7 14. O-O O-O
15. a4 Rb4 16. Bd2 Nxd5 17. Bxb4 Nxb4 18. f4 e4 19. Qd2 d5 20. Ne5 f6 21. Ng4
d4 22. Bc4+ Kh8 23. f5 Bc5 24. Kh1 e3 25. Qe1 Bb7 26. Qc1 Qa8 27. Rg1 Qc8 0-1

[Event "CAMPEONATO SUBZONAL 2.3.5"]
[Site "Duran"]
[Date "2012.03.05"]
[Round "1.7"]
[White "Hernandez, Alexander"]
[Black "Palacios Zambrano, Victor"]
[Result "1/2-1/2"]
[WhiteElo "2290"]
[BlackElo "2074"]
[PlyCount "64"]
[EventDate "2012.03.05"]

1. e4 d5 2. exd5 Nf6 3. d4 Nxd5 4. c4 Nb6 5. Nc3 g6 6. Be3 Bg7 7. h3 O-O 8. Nf3
Nc6 9. Be2 e5 10. d5 Ne7 11. Qd2 Nf5 12. Bc5 Nd6 13. b3 Re8 14. O-O e4 15. Nd4
Qh4 16. Ncb5 e3 17. fxe3 Ne4 18. Qe1 Qxe1 19. Raxe1 Nxc5 20. Nxc7 Rxe3 21. Nc2
Rc3 22. Nxa8 Nxa8 23. Bg4 Bxg4 24. Re8+ Bf8 25. hxg4 Rxc2 26. Rxa8 Ne4 27. Re8
Nd6 28. Rd8 b6 29. Rf2 Rc1+ 30. Rf1 Rc2 31. Rf2 Rc1+ 32. Rf1 Rc2 1/2-1/2

[Event "CAMPEONATO SUBZONAL 2.3.5"]
[Site "Duran"]
[Date "2012.03.05"]
[Round "1.8"]
[White "Crespo Hidalgo, Carlos"]
[Black "Mazara, Adan"]
[Result "1/2-1/2"]
[WhiteElo "2038"]
[BlackElo "2289"]
[PlyCount "41"]
[EventDate "2012.03.05"]

1. d4 Nf6 2. c4 c5 3. d5 b5 4. cxb5 a6 5. b6 d6 6. Nc3 g6 7. e4 Bg7 8. Be2 O-O
9. Nf3 Qxb6 10. O-O Bg4 11. Nd2 Bxe2 12. Qxe2 Nbd7 13. a4 Rfb8 14. a5 Qd8 15.
f4 Ne8 16. Nc4 Nc7 17. e5 Nb5 18. Re1 Nd4 19. Qd1 Rb4 20. Ra4 Qb8 21. Rxb4
1/2-1/2

[Event "CAMPEONATO SUBZONAL 2.3.5"]
[Site "Duran"]
[Date "2012.03.05"]
[Round "1.9"]
[White "Bassan, Remo"]
[Black "Galls Aguirre, Jorge"]
[Result "1-0"]
[WhiteElo "2279"]
[BlackElo "2034"]
[PlyCount "61"]
[EventDate "2012.03.05"]

1. e4 c5 2. Nf3 d6 3. d4 cxd4 4. Nxd4 Nf6 5. Nc3 a6 6. Bc4 e6 7. O-O b5 8. Bb3
b4 9. Na4 Nxe4 10. Re1 d5 11. c4 bxc3 12. Nxc3 Nxc3 13. bxc3 Be7 14. Bf4 Bd7
15. Bxd5 exd5 16. Bd6 Be6 17. Nxe6 fxe6 18. Rxe6 Nc6 19. Qxd5 Rc8 20. Rae1 O-O
21. Rxe7+ Kh8 22. Rf7 Rxf7 23. Qxf7 h6 24. Qe6 Na5 25. Be5 Rc6 26. Qf7 Qg5 27.
h4 Qg6 28. Qf8+ Kh7 29. Bxg7 Qg4 30. Qh8+ Kg6 31. Bd4 1-0

[Event "CAMPEONATO SUBZONAL 2.3.5"]
[Site "Duran"]
[Date "2012.03.05"]
[Round "1.10"]
[White "Meza Ponce, Jerry"]
[Black "Pazos Gambarrotti, Plinio"]
[Result "0-1"]
[WhiteElo "1986"]
[BlackElo "2267"]
[PlyCount "114"]
[EventDate "2012.03.05"]

1. e4 c5 2. Nf3 Nc6 3. d3 e6 4. g3 d5 5. Nbd2 Nf6 6. Bg2 Be7 7. O-O O-O 8. c3
b5 9. Re1 a5 10. h4 b4 11. e5 Nd7 12. Nf1 a4 13. a3 bxa3 14. bxa3 Nb6 15. Bg5
Na5 16. N1h2 Rb8 17. g4 Nb3 18. Ra2 Ba6 19. Bxe7 Qxe7 20. g5 Nd7 21. Ng4 Kh8
22. Nfh2 Rb6 23. Qf3 Na5 24. Rc1 Rfb8 25. Bf1 Rb1 26. Rac2 Rxc1 27. Rxc1 Rb3
28. Qf4 Rxa3 29. h5 Nb3 30. Rb1 d4 31. cxd4 Nxd4 32. Qe4 Qd8 33. g6 fxg6 34.
hxg6 Rb3 35. Ra1 a3 36. Ra2 Bb7 37. Qf4 Qf8 38. Qf7 Bc6 39. Bg2 Qxf7 40. gxf7
Bxg2 41. Kxg2 Nb5 42. Nf3 Nc3 43. Nd2 Nxa2 44. Nxb3 Nb4 45. Nxc5 Nf8 46. Ne3 a2
47. Nb3 Nxd3 48. Nc2 g5 49. Kf1 h5 50. Ke2 h4 51. Nbd4 Nxe5 52. Kf1 g4 53. Kg2
Kg7 54. Ne2 Nd3 55. Kg1 Nb4 56. Na1 Kxf7 57. f3 g3 0-1

[Event "CAMPEONATO SUBZONAL 2.3.5"]
[Site "Duran"]
[Date "2012.03.05"]
[Round "1.11"]
[White "Aucay Pelaez, Mauro"]
[Black "Reinozo Trelles, Eduardo"]
[Result "1-0"]
[WhiteElo "2258"]
[BlackElo "1920"]
[PlyCount "63"]
[EventDate "2012.03.05"]

1. e4 c5 2. Nf3 d6 3. d4 cxd4 4. Nxd4 Nf6 5. f3 Nc6 6. Nc3 e6 7. Be3 a6 8. Qd2
Be7 9. O-O-O Qc7 10. g4 b5 11. g5 Nd7 12. h4 b4 13. Nce2 Nde5 14. b3 O-O 15. f4
Ng4 16. Bg1 e5 17. Nf5 exf4 18. Nxf4 Nge5 19. Nd5 Qb7 20. Ndxe7+ Nxe7 21. Nxe7+
Qxe7 22. Qxd6 Qxd6 23. Rxd6 Bb7 24. Bg2 Rac8 25. Bf2 Rfe8 26. Re1 Rc3 27. Re3
Rc7 28. Bg3 Ng4 29. Re2 Rce7 30. Rb6 a5 31. Bd6 Re6 32. Bh3 1-0

[Event "CAMPEONATO SUBZONAL 2.3.5"]
[Site "Duran"]
[Date "2012.03.05"]
[Round "1.12"]
[White "Croes, Octavio"]
[Black "Harper, Ryan"]
[Result "1/2-1/2"]
[WhiteElo "1916"]
[BlackElo "2253"]
[PlyCount "66"]
[EventDate "2012.03.05"]

1. d4 Nf6 2. c4 g6 3. Nc3 Bg7 4. g3 O-O 5. Bg2 d6 6. Nf3 Nc6 7. h3 e5 8. dxe5
Nxe5 9. Nxe5 dxe5 10. Qxd8 Rxd8 11. Bg5 Rd4 12. Nd5 Nxd5 13. Bxd5 c6 14. e3
Rxd5 15. cxd5 f6 16. Bxf6 Bxf6 17. dxc6 bxc6 18. e4 Ba6 19. Rd1 Be7 20. Rd7
Bb4+ 21. Kd1 Bc5 22. Kc2 Bxf2 23. Rhd1 Bd4 24. b3 c5 25. a4 Be2 26. Re1 Ba6 27.
Re7 Rf8 28. Rd1 Rf7 29. Rxf7 Kxf7 30. h4 h5 31. Rd2 Ke7 32. Kd1 c4 33. bxc4
Bxc4 1/2-1/2

[Event "CAMPEONATO SUBZONAL 2.3.5"]
[Site "Duran"]
[Date "2012.03.05"]
[Round "1.13"]
[White "Meza Ponce, Jeison"]
[Black "Perdomo Araujo, Angel Edua"]
[Result "1-0"]
[WhiteElo "2232"]
[BlackElo "1913"]
[PlyCount "55"]
[EventDate "2012.03.05"]

1. e4 e6 2. d4 d5 3. Nd2 Nf6 4. e5 Nfd7 5. Bd3 c5 6. c3 Nc6 7. Ne2 cxd4 8. cxd4
f6 9. f4 Qb6 10. Nf3 Be7 11. a3 O-O 12. b4 Rd8 13. Bb2 Nf8 14. O-O Bd7 15. Kh1
Be8 16. g4 Bg6 17. f5 exf5 18. gxf5 Bh5 19. b5 Na5 20. Nf4 Be8 21. Rg1 Kh8 22.
Qe1 fxe5 23. dxe5 Bc5 24. Rxg7 Qh6 25. Rg4 d4 26. Qxa5 Bh5 27. Nxh5 Qxh5 28.
Rag1 1-0

[Event "CAMPEONATO SUBZONAL 2.3.5"]
[Site "Duran"]
[Date "2012.03.05"]
[Round "1.14"]
[White "Moncada Russo, Bryan"]
[Black "Del Castilho, Martyn"]
[Result "1-0"]
[WhiteElo "1905"]
[BlackElo "2218"]
[PlyCount "75"]
[EventDate "2012.03.05"]

1. e4 e5 2. Nf3 Nc6 3. Bb5 a6 4. Ba4 Nf6 5. O-O Be7 6. Re1 b5 7. Bb3 d6 8. c3
O-O 9. h3 Bb7 10. d4 Re8 11. Nbd2 Bf8 12. Bc2 h6 13. Nf1 exd4 14. cxd4 Nb4 15.
Bb1 Bxe4 16. Bxe4 Nxe4 17. d5 Nf6 18. Ne3 c6 19. dxc6 Nxc6 20. b3 g6 21. Bb2
Bg7 22. Bxf6 Qxf6 23. Rc1 Nd4 24. Nxd4 Qxd4 25. Qxd4 Bxd4 26. Nd5 Re5 27. Nc7
Rxe1+ 28. Rxe1 Rc8 29. Re8+ Rxe8 30. Nxe8 Kf8 31. Nc7 Bb6 32. Nxa6 Ba5 33. Nb8
Ke8 34. Nc6 Bc3 35. Na7 b4 36. Nb5 Kd7 37. a4 Kc6 38. Kf1 1-0

[Event "CAMPEONATO SUBZONAL 2.3.5"]
[Site "Duran"]
[Date "2012.03.05"]
[Round "1.15"]
[White "Munoz Sanchez, Jhon"]
[Black "De Mey, Juan Pablo"]
[Result "1-0"]
[WhiteElo "2216"]
[BlackElo "1879"]
[PlyCount "63"]
[EventDate "2012.03.05"]

1. d4 Nf6 2. c4 e6 3. Nc3 Bb4 4. Qc2 d5 5. a3 Bxc3+ 6. Qxc3 dxc4 7. Qxc4 b6 8.
Bg5 Ba6 9. Qc2 O-O 10. Rd1 Nbd7 11. Nf3 Qc8 12. e3 Bxf1 13. Kxf1 Qa6+ 14. Qe2
Qxe2+ 15. Kxe2 h6 16. Bf4 Nd5 17. Bg3 f5 18. Rc1 c5 19. dxc5 Nxc5 20. b4 Ne4
21. Be5 Rfc8 22. Nd4 Ndc3+ 23. Ke1 Na2 24. Ra1 Nc1 25. f3 Ng5 26. Kd2 Nf7 27.
f4 Nxe5 28. fxe5 f4 29. Raxc1 fxe3+ 30. Kxe3 a5 31. b5 Rd8 32. Nc6 1-0

[Event "CAMPEONATO SUBZONAL 2.3.5"]
[Site "Duran"]
[Date "2012.03.05"]
[Round "1.16"]
[White "Azua Avila, Vicente"]
[Black "Abreu Jean, Carlos Paul"]
[Result "1/2-1/2"]
[WhiteElo "1875"]
[BlackElo "2211"]
[PlyCount "78"]
[EventDate "2012.03.05"]

1. c4 c5 2. Nc3 Nc6 3. g3 e5 4. Bg2 g6 5. d3 Bg7 6. Nf3 Nge7 7. O-O O-O 8. a3
a5 9. Rb1 d6 10. Ne1 Be6 11. Nd5 Rb8 12. b4 axb4 13. Nc2 b5 14. axb4 bxc4 15.
dxc4 Bxd5 16. cxd5 Nxb4 17. Nxb4 cxb4 18. Qa4 Qb6 19. Ba3 b3 20. Rfc1 Rfc8 21.
Rxc8+ Nxc8 22. Bh3 Ne7 23. Qd7 Nxd5 24. Be6 fxe6 25. Qxe6+ Kh8 26. Qxd5 e4 27.
Bxd6 Qd8 28. Qc5 Rc8 29. Qb4 b2 30. Rxb2 Bxb2 31. Qxb2+ Kg8 32. Qb3+ Kg7 33.
Qb7+ Kg8 34. Qb3+ Kg7 35. Qb7+ Kg8 36. Qd5+ Kg7 37. Be5+ Kf8 38. Bd6+ Kg7 39.
Be5+ Kf8 1/2-1/2

[Event "CAMPEONATO SUBZONAL 2.3.5"]
[Site "Duran"]
[Date "2012.03.05"]
[Round "1.17"]
[White "Martinez Reyes, Pedro Ramon"]
[Black "Olvera Urena, Yasser"]
[Result "1-0"]
[WhiteElo "2200"]
[BlackElo "1865"]
[PlyCount "35"]
[EventDate "2012.03.05"]

1. e4 c5 2. Nf3 d6 3. Bb5+ Bd7 4. Bxd7+ Qxd7 5. O-O Nc6 6. c3 g6 7. d4 Bg7 8.
Re1 h6 9. d5 Na5 10. Qe2 b6 11. e5 O-O-O 12. b4 Nb7 13. Qa6 cxb4 14. cxb4 dxe5
15. Bb2 f6 16. Qxa7 Qxd5 17. Na3 Nd6 18. Rac1+ 1-0

[Event "CAMPEONATO SUBZONAL 2.3.5"]
[Site "Duran"]
[Date "2012.03.05"]
[Round "1.18"]
[White "Jerves Cordova, Carlos"]
[Black "Joseph, Marcus"]
[Result "0-1"]
[WhiteElo "1844"]
[BlackElo "2198"]
[PlyCount "80"]
[EventDate "2012.03.05"]

1. e4 c5 2. Nf3 a6 3. Nc3 d6 4. d4 cxd4 5. Nxd4 Nf6 6. Be3 e6 7. Be2 Be7 8. O-O
O-O 9. Kh1 Nc6 10. Qd2 Qc7 11. f4 Bd7 12. Nb3 b5 13. Bf3 b4 14. Ne2 e5 15. c3
a5 16. cxb4 axb4 17. f5 Na5 18. Nxa5 Rxa5 19. Qxb4 Raa8 20. Qe1 d5 21. b3 Ra6
22. Ng3 d4 23. Bg5 Bb5 24. Rf2 Ba3 25. Bc1 Be7 26. Bb2 Rc8 27. a4 Bd3 28. Be2
Bxe2 29. Qxe2 Rb6 30. Qd1 Qb7 31. Ba3 Bxa3 32. Rxa3 Nxe4 33. Nxe4 Qxe4 34. h3
Rbc6 35. Ra1 Rc3 36. Kh2 Qd5 37. f6 e4 38. Qg4 Qd6+ 39. g3 g6 40. Raa2 Qe5 0-1

[Event "CAMPEONATO SUBZONAL 2.3.5"]
[Site "Duran"]
[Date "2012.03.05"]
[Round "1.19"]
[White "Zavarce, Oscar Enrique"]
[Black "Zambrano Macias, Paolo"]
[Result "1-0"]
[WhiteElo "2190"]
[BlackElo "1815"]
[PlyCount "53"]
[EventDate "2012.03.05"]

1. e4 e6 2. d4 d5 3. Nc3 Be7 4. e5 c5 5. Qg4 Kf8 6. Nf3 Nc6 7. dxc5 Bxc5 8. Bd3
Be7 9. h4 h5 10. Qf4 Nh6 11. Bd2 Nb4 12. Bg6 Nf5 13. Bxf5 exf5 14. O-O-O Be6
15. Nd4 g6 16. f3 Rc8 17. g4 Rc4 18. b3 Qb6 19. Be1 Nxa2+ 20. Nxa2 Qxb3 21.
Nxb3 Rxf4 22. Nd4 Ba3+ 23. Kb1 Bc5 24. gxf5 Bxd4 25. fxe6 fxe6 26. Nc1 Rh7 27.
Ne2 1-0

[Event "CAMPEONATO SUBZONAL 2.3.5"]
[Site "Duran"]
[Date "2012.03.05"]
[Round "1.20"]
[White "Guaranda Chancay, Edward"]
[Black "Montenegro Torres, Carlos"]
[Result "0-1"]
[WhiteElo "1625"]
[BlackElo "2161"]
[PlyCount "94"]
[EventDate "2012.03.05"]

1. Nf3 g6 2. d4 Bg7 3. c4 d6 4. Nc3 Nf6 5. g3 O-O 6. Bg2 Nc6 7. O-O a6 8. Bg5
h6 9. Bxf6 Bxf6 10. e4 Bg4 11. Ne2 Qd7 12. Qd2 Bg7 13. Rad1 Rad8 14. d5 Nb8 15.
h4 c5 16. Nh2 Bh3 17. Bxh3 Qxh3 18. Nf4 Qd7 19. Kg2 b5 20. Rc1 bxc4 21. Rxc4
Qb5 22. Rc2 Nd7 23. Nd3 Qa4 24. f3 Qxa2 25. b4 Qa3 26. bxc5 Nxc5 27. Nxc5 dxc5
28. Ra2 Qb4 29. Qxb4 cxb4 30. Rb1 Rb8 31. Rxa6 b3 32. Ra3 b2 33. Nf1 Rfc8 34.
Kh3 Rc1 35. Nd2 Bc3 36. Rxc3 Rxc3 37. f4 Rc1 38. e5 Rxb1 39. Nxb1 Rd8 40. d6
exd6 41. exd6 Rxd6 42. Nc3 Rd1 43. Nxd1 b1=Q 44. Ne3 Qh1+ 45. Kg4 h5+ 46. Kg5
Kg7 47. g4 f6# 0-1

[Event "CAMPEONATO SUBZONAL 2.3.5"]
[Site "Duran"]
[Date "2012.03.06"]
[Round "2.1"]
[White "Meza Ponce, Jeison"]
[Black "Guerra Tulcan, Lenin"]
[Result "0-1"]
[WhiteElo "2232"]
[BlackElo "2421"]
[PlyCount "62"]
[EventDate "2012.03.05"]

1. e4 c5 2. Nf3 e6 3. d4 cxd4 4. Nxd4 a6 5. Nc3 Qc7 6. Be2 Nf6 7. O-O d6 8. f4
Nbd7 9. Bf3 e5 10. Nf5 Nb6 11. Kh1 Be6 12. fxe5 dxe5 13. Bg5 Nc4 14. Rb1 Rd8
15. Qe1 h6 16. Qh4 hxg5 17. Qxh8 Bxf5 18. exf5 Nd2 19. Rbe1 Nxf1 20. Rxf1 Rd4
21. g3 b5 22. a3 Qc5 23. Re1 g4 24. Bg2 Rd2 25. Ne4 Nxe4 26. Bxe4 Kd7 27. f6
Qf2 28. Rc1 Qe2 29. Qh7 Rd1+ 30. Rxd1+ Qxd1+ 31. Kg2 Qe2+ 0-1

[Event "CAMPEONATO SUBZONAL 2.3.5"]
[Site "Duran"]
[Date "2012.03.06"]
[Round "2.2"]
[White "Munoz Sanchez, Jhon"]
[Black "Fernandez, Francis"]
[Result "1-0"]
[WhiteElo "2216"]
[BlackElo "2315"]
[PlyCount "105"]
[EventDate "2012.03.05"]

1. d4 Nf6 2. c4 c5 3. d5 d6 4. Nc3 g6 5. e4 Bg7 6. f4 O-O 7. Nf3 b5 8. cxb5 a6
9. a4 axb5 10. Bxb5 Ba6 11. Bd2 Qb6 12. O-O c4+ 13. Kh1 Ng4 14. Qe2 Bxb5 15.
Nxb5 Bxb2 16. Rab1 Bg7 17. Ng5 Nf6 18. e5 Nxd5 19. Qxc4 Qc5 20. Qe4 e6 21. Nxd6
Nd7 22. Rb5 Qa3 23. a5 Nc5 24. Qc2 Nd7 25. Qb2 Qxb2 26. Rxb2 h6 27. Nge4 Nb8
28. Rc1 Na6 29. Kg1 Rfb8 30. Rxb8+ Rxb8 31. Rc8+ Rxc8 32. Nxc8 g5 33. g3 gxf4
34. gxf4 Bf8 35. Kf2 Kg7 36. Nb6 Ne7 37. Nd7 Nc6 38. Nxf8 Kxf8 39. Ke3 Nc7 40.
Nf6 Kg7 41. Kd3 Kg6 42. Kc4 Nb8 43. Kc5 Kf5 44. Kb6 Nca6 45. Nd7 Nxd7+ 46. Kxa6
Kg4 47. Kb5 Nb8 48. Kb6 Kh3 49. Kb7 Nd7 50. Be3 Kxh2 51. a6 h5 52. a7 h4 53.
a8=Q 1-0

[Event "CAMPEONATO SUBZONAL 2.3.5"]
[Site "Duran"]
[Date "2012.03.06"]
[Round "2.3"]
[White "Infante, Miguel"]
[Black "Martinez Reyes, Pedro Ramon"]
[Result "1/2-1/2"]
[WhiteElo "2314"]
[BlackElo "2200"]
[PlyCount "49"]
[EventDate "2012.03.05"]

1. d4 d5 2. c4 dxc4 3. e3 Nf6 4. Bxc4 e6 5. Nf3 c5 6. O-O Nc6 7. Nc3 Be7 8.
dxc5 Qxd1 9. Rxd1 Bxc5 10. a3 Ke7 11. b4 Bd6 12. Bb2 Rd8 13. Rac1 Bd7 14. Be2
Rac8 15. Ng5 Be8 16. b5 Na5 17. Nce4 Nxe4 18. Nxe4 Rxc1 19. Rxc1 f6 20. Bc3 Nb3
21. Rb1 Bg6 22. Rxb3 Bxe4 23. Bf3 Bc5 24. Bd4 Bxd4 25. Bxe4 1/2-1/2

[Event "CAMPEONATO SUBZONAL 2.3.5"]
[Site "Duran"]
[Date "2012.03.06"]
[Round "2.4"]
[White "Joseph, Marcus"]
[Black "Vazquez Reyes, Raul"]
[Result "1/2-1/2"]
[WhiteElo "2198"]
[BlackElo "2302"]
[PlyCount "47"]
[EventDate "2012.03.05"]

1. e4 c5 2. Nf3 d6 3. d4 cxd4 4. Nxd4 Nf6 5. Nc3 a6 6. h3 e6 7. g4 d5 8. exd5
Nxd5 9. Nde2 Bb4 10. Bg2 O-O 11. O-O Nxc3 12. Nxc3 Qc7 13. Qf3 Bd6 14. Ne4 Be5
15. Qb3 Nc6 16. c3 Bh2+ 17. Kh1 Bf4 18. Bxf4 Qxf4 19. Rad1 Ne5 20. Ng3 Nf3 21.
Qb4 Qxb4 22. cxb4 Nh4 23. Be4 e5 24. Rd6 1/2-1/2

[Event "CAMPEONATO SUBZONAL 2.3.5"]
[Site "Duran"]
[Date "2012.03.06"]
[Round "2.5"]
[White "Ynojosa, Felix Jose"]
[Black "Zavarce, Oscar Enrique"]
[Result "1-0"]
[WhiteElo "2300"]
[BlackElo "2190"]
[PlyCount "135"]
[EventDate "2012.03.05"]

1. e4 c5 2. c3 Nf6 3. e5 Nd5 4. d4 cxd4 5. cxd4 d6 6. Nf3 Nc6 7. Bc4 Nb6 8. Bb3
dxe5 9. Nxe5 Nxe5 10. dxe5 Qxd1+ 11. Bxd1 Bd7 12. Nc3 Bc6 13. O-O e6 14. Bb3
Rd8 15. Be3 Nd7 16. Bxa7 Nxe5 17. Bb6 Rd7 18. a3 Nd3 19. Rab1 Be7 20. Bc2 Bf6
21. Bxd3 Rxd3 22. Rfd1 Rxd1+ 23. Nxd1 O-O 24. b3 Bd5 25. Ne3 Rc8 26. a4 Rc3 27.
Nxd5 exd5 28. Kf1 Kf8 29. a5 d4 30. b4 Ke8 31. Ke2 Rc2+ 32. Kf3 Kd7 33. b5 Ra2
34. Rc1 Bd8 35. Rc4 Rd2 36. Rxd4+ Rxd4 37. Bxd4 Bxa5 38. Bxg7 Kd6 39. Kg4 Kc5
40. Kg5 Kxb5 41. Kh6 Kc4 42. Kxh7 Bc3 43. Bxc3 Kxc3 44. h4 b5 45. h5 b4 46. Kg8
b3 47. h6 b2 48. h7 b1=Q 49. h8=Q+ Kd2 50. Qf6 Qe4 51. g3 Qe8+ 52. Kg7 Ke2 53.
g4 Qa4 54. g5 Qg4 55. f4 Kf3 56. f5 Qh5 57. Qh6 Qg4 58. f6 Ke4 59. Kxf7 Qd7+
60. Kg8 Qe8+ 61. Kg7 Qe5 62. Qh7+ Kd5 63. Qh1+ Ke6 64. Qh3+ Kd6 65. Qa3+ Kd7
66. Qe7+ Qxe7+ 67. fxe7 Kxe7 68. g6 1-0

[Event "CAMPEONATO SUBZONAL 2.3.5"]
[Site "Duran"]
[Date "2012.03.06"]
[Round "2.6"]
[White "Montenegro Torres, Carlos"]
[Black "Bassan, Remo"]
[Result "0-1"]
[WhiteElo "2161"]
[BlackElo "2279"]
[PlyCount "88"]
[EventDate "2012.03.05"]

1. Nf3 Nf6 2. d3 d5 3. g3 c5 4. Bg2 Nc6 5. O-O e5 6. Nbd2 Be7 7. e4 dxe4 8.
dxe4 Be6 9. c3 h6 10. h3 Qd7 11. Kh2 g5 12. Ne1 O-O-O 13. Nc2 Na5 14. Ne3 Qb5
15. Qc2 Qd3 16. Qa4 b6 17. Re1 Qd7 18. Qc2 Kb8 19. Bf1 Ne8 20. Ndc4 Nc6 21. Rd1
Qb7 22. Nd5 Nd6 23. Nxe7 Nxc4 24. Nd5 Nd6 25. Be3 f5 26. exf5 Bxf5 27. Qa4 Na5
28. b3 Bd7 29. Qa3 Bc6 30. c4 Nf5 31. Bxc5 bxc5 32. Qxa5 Rhf8 33. Bg2 Nd4 34.
Qxc5 Rxf2 35. Rf1 Rc2 36. Rf8 Rxf8 37. Qxf8+ Qc8 38. Qd6+ Ka8 39. Rf1 e4 40.
Ne7 Qd7 41. Rf8+ Kb7 42. Rb8+ Ka6 43. Qa3+ Ba4 44. Nd5 Nf3+ 0-1

[Event "CAMPEONATO SUBZONAL 2.3.5"]
[Site "Duran"]
[Date "2012.03.06"]
[Round "2.7"]
[White "Pazos Gambarrotti, Plinio"]
[Black "Saltos Velez, Adrian"]
[Result "1/2-1/2"]
[WhiteElo "2267"]
[BlackElo "2152"]
[PlyCount "146"]
[EventDate "2012.03.05"]

1. Nf3 Nf6 2. g3 g6 3. Bg2 Bg7 4. O-O O-O 5. d4 d6 6. b3 c5 7. Bb2 Nc6 8. d5
Na5 9. c4 a6 10. Nbd2 b5 11. Qc2 Bf5 12. Qc1 bxc4 13. Nxc4 Nxc4 14. Qxc4 Qa5
15. Rfe1 Rfb8 16. Bc3 Qb5 17. Nd2 a5 18. e4 Bd7 19. Rac1 Ne8 20. Bxg7 Qxc4 21.
Nxc4 Kxg7 22. e5 a4 23. Re3 axb3 24. axb3 Bb5 25. exd6 exd6 26. Rce1 Bxc4 27.
bxc4 Nf6 28. Re7 Re8 29. Bf1 Kf8 30. Rxe8+ Rxe8 31. Ra1 Rb8 32. Ra6 Rb1 33.
Ra8+ Ke7 34. Ra7+ Nd7 35. Kg2 Kd8 36. Ra6 Rb6 37. Ra8+ Nb8 38. Ra7 Ke8 39. Be2
Kf8 40. Bd1 Kg7 41. Rc7 Na6 42. Rd7 Nb8 43. Rd8 Kf6 44. Ba4 h5 45. Rc8 Na6 46.
Bb5 Nb4 47. Rc7 Nxd5 48. Ra7 Ne7 49. Be8 Rb8 50. Bd7 Rb4 51. Bb5 Nf5 52. Be8
Rxc4 53. Rxf7+ Ke5 54. Rc7 d5 55. Bxg6 h4 56. Rh7 hxg3 57. Rh5 gxf2 58. Rxf5+
Ke6 59. Rf3 Rg4+ 60. Rg3 Rf4 61. Bd3 c4 62. Be2 Kd6 63. h4 Rxh4 64. Kxf2 Kc5
65. Rg8 c3 66. Rc8+ Kd4 67. Bf3 Rh2+ 68. Ke1 c2 69. Be2 Rh4 70. Bf1 Rh2 71. Rc7
Ke3 72. Rc3+ Kd4 73. Rc8 Ke3 1/2-1/2

[Event "CAMPEONATO SUBZONAL 2.3.5"]
[Site "Duran"]
[Date "2012.03.06"]
[Round "2.8"]
[White "Lopez, Jasel"]
[Black "Aucay Pelaez, Mauro"]
[Result "1/2-1/2"]
[WhiteElo "2138"]
[BlackElo "2258"]
[PlyCount "87"]
[EventDate "2012.03.05"]

1. d4 Nf6 2. c4 e6 3. Nf3 d5 4. Nc3 c6 5. e3 Nbd7 6. Bd3 dxc4 7. Bxc4 b5 8. Bd3
a6 9. a4 b4 10. Nb1 c5 11. a5 Bb7 12. Nbd2 Be7 13. O-O O-O 14. Qe2 Qc7 15. Rd1
Rfd8 16. Nc4 Be4 17. Bxe4 Nxe4 18. Bd2 Qb7 19. Nfe5 Rab8 20. Nxd7 Rxd7 21. Nb6
Rdd8 22. Be1 cxd4 23. exd4 Nf6 24. f3 Nd5 25. Bg3 Bd6 26. Nxd5 Bxg3 27. Nxb4
Qxb4 28. hxg3 Rb5 29. Qd2 Qxb2 30. Qxb2 Rxb2 31. Rdb1 Rxb1+ 32. Rxb1 h5 33. Rb6
Rxd4 34. Rxa6 Rd2 35. Ra8+ Kh7 36. a6 Ra2 37. a7 Kg6 38. Kf1 Kf6 39. Kg1 g6 40.
Kf1 Ke5 41. Kg1 Kf5 42. Kf1 Ke5 43. Kg1 Kf5 44. Kf1 1/2-1/2